000 00663nam a2200241Ia 4500
003 OSt
005 20220924114946.0
006 a|||||r|||| 00| 0
007 ta
008 220923b |||||||| |||| 00| 0 ben d
020 _a8170792703 (hbk)
024 _a301335
037 _cTextual
040 _aARTS
_cARTS
_bben
041 _2ben
_aben
082 _aY73(P157)v, 157N3
100 _aRoy Nihar Ranjan
_9176244
245 0 _aBangalir itihas
_b Adiparba
260 _aCalcutta
_bDey's Publishing India
_c1993
650 _aSOCIOLOGY
942 _hY73(P157)v, 157N3
_cTEXL
_2CC
999 _c396166
_d396166